| 000 | 00682cam a2200241 a 4500 | ||
|---|---|---|---|
| 001 | HUB046241 | ||
| 003 | PILC | ||
| 005 | 20160128144727.0 | ||
| 008 | 060327s2007 cau b 000 0 eng | ||
| 010 | _a2006924671 | ||
| 020 | _a9781133050346 | ||
| 040 |
_aDLC _cDLC |
||
| 050 | 0 | 0 |
_aB 52 _b.So13 2013 |
| 100 | 1 | _aSoccio, Douglas J. | |
| 245 | 1 | 0 |
_aHow to get the most out of philosophy / _cDouglas J. Soccio. |
| 250 | _a7th edition. | ||
| 260 |
_aBelmont, CA : _bThomson/Wadsworth, _c2013. |
||
| 300 |
_axi, 132 pages ; _c22 cm. |
||
| 500 | _aIncludes bibliographical references. | ||
| 521 | _aPsychology | ||
| 650 | 0 |
_aPhilosophy _xStudy and teaching. |
|
| 942 |
_2lcc _cBK |
||
| 999 |
_c283661 _d283661 |
||